[Anton Prídavok] ; [Kežmarok]

Jazyk: Slovenština
Vydáno: [S.l. : s.n., 1974]
Témata:
Externí odkaz: Digitalizovaný dokument (klikněte pro zobrazení)
Fyzický popis: 1 fotografie ; 18 x 13 cm
Grafika
Uloženo v:
LEADER 01111nkm a2200289 a 4500
001 000658726
003 CZ BrMZK
005 20101218155830.0
007 kf bo
008 030311s1974 xo f slo d
040 |a BOA001  |b cze  |c BOA001 
080 |a 929  |2 MRF 
080 |a 911.375  |2 MRF 
080 |a 77.041.5  |2 MRF 
245 0 0 |a [Anton Prídavok] ;  |b [Kežmarok]  |h [grafika] 
246 3 3 |a [Kežmarok] 
260 |a [S.l. :  |b s.n.,  |c 1974] 
300 |a 1 fotografie ;  |c 18 x 13 cm 
500 |a Portrét Antona Prídavka na fotografii vlevo, pohled na Kežmarok vpravo; text na fotografii: "28.V.1904 narodil sa v Kežmarku Anton Prídavok, slovenský básnik, významný osvetový a ľudovýchovný pracovník ..." 
500 |a 2 snímky 
600 1 7 |a Prídavok, Anton,  |d 1904-1945  |7 jn19990210506  |2 czenas 
650 0 7 |a města  |7 ph115399  |2 czenas 
655 7 |a portréty  |7 fd133099  |2 czenas 
651 7 |a Kežmarok (Slovensko)  |7 ge129566  |2 czenas 
856 4 1 |u https://imageserver.mzk.cz/mzk01/000/658/726/2610456369  |y Digitalizovaný dokument (klikněte pro zobrazení) 
910 |a BOA001  |b Gr1-1256.034 
990 |a GP